[Event "Ontario Closed"]
[Site "Ottawa"]
[Date "2005.03.06"]
[Round "5"]
[White "Molchanov, Yevhen"]
[Black "Barclay, Wayne"]
[Result "0-1"]
[WhiteElo "2186"]
[BlackElo "2240"]
[PlyCount "72"]
[EventDate "2005.03.04"]
[EventType "swiss"]
[EventRounds "5"]
[EventCountry "CAN"]
[SourceTitle "EXT 2006"]
[Source "ChessBase"]
[SourceDate "2005.11.24"]
[SourceVersion "1"]
[SourceVersionDate "2005.11.24"]
[SourceQuality "1"]

1. e4 e5 2. Nf3 Nc6 3. d4 exd4 4. Nxd4 Qh4 5. Nc3 Bb4 6. Ndb5 Qxe4+ 7. Be2 Kd8 8. 0-0 Bxc3 9. Nxc3 Qd4 10. Bd3 d6 11. Qh5 Be6 12. Ne4 Nge7 13. Bd2 Qd5 14. Ng5 Kd7 15. Qh4 Bf5 16. Bxf5+ Qxf5 17. Rfe1 h6 18. Nf3 Rae8 19. Qa4 Kc8 20. b4 Qg4 21. c4 Qxc4 22. Rac1 Qg4 23. h3 Qd7 24. b5 Nb8 25. Nd4 a6 26. Ba5 c5 27. Red1 Ng6 28. Bb6 Re5 29. Qa5 Nf4 30. Rd2 Rg5 31. Bxc5 dxc5 32. Nb3 Qxb5 33. Qa3 Ne2+ 34. Rxe2 Qxe2 35. Nxc5 Nc6 36. Nxa6 Qxa6 0-1

[Event "Canadian op"]
[Site "Kapuskasing"]
[Date "2004.07.11"]
[Round "2"]
[White "Molchanov, Yevhen"]
[Black "Henry, Liam"]
[Result "1/2-1/2"]
[WhiteElo "2104"]
[BlackElo "2062"]
[PlyCount "130"]
[EventDate "2004.07.10"]
[EventType "swiss"]
[EventRounds "10"]
[EventCountry "CAN"]
[SourceTitle "CBM 101 Extra"]
[Source "ChessBase"]
[SourceDate "2004.09.01"]
[SourceVersion "2"]
[SourceVersionDate "2004.09.01"]
[SourceQuality "1"]

1. d4 Nf6 2. c4 g6 3. Nc3 Bg7 4. e4 d6 5. f3 Nc6 6. Bg5 e5 7. d5 Nd4 8. Nge2 Nxe2 9. Bxe2 h6 10. Be3 0-0 11. Qd2 Kh7 12. g4 Nd7 13. h4 a5 14. h5 g5 15. a3 Nc5 16. Bd1 Bd7 17. b3 c6 18. Rc1 cxd5 19. cxd5 b5 20. b4 axb4 21. axb4 Na4 22. Bxa4 bxa4 23. Qa2 Qb8 24. Qa3 Rc8 25. Rh2 Bb5 26. Nxb5 Qxb5 27. Rhc2 Rxc2 28. Rxc2 Rb8 29. Bd2 Bf6 30. Qc3 Bd8 31. Qc6 Qd3 32. Qxd6 Qxc2 33. Qxb8 a3 34. Qa7 a2 35. Qxf7+ Kh8 36. Qf8+ Kh7 37. Qf7+ Kh8 38. Qe8+ Kg7 39. Qd7+ Kg8 40. Qxd8+ Kg7 41. Qe7+ Kg8 42. Qe6+ Kf8 43. Qxh6+ Kf7 44. Qg6+ Kf8 45. Qf6+ Kg8 46. Qxg5+ Kh7 47. Qe7+ Kg8 48. Qg5+ Kh7 49. Qe7+ Kg8 50. Qe6+ Kh7 51. Qe7+ Kg8 52. Qxe5 Qb1+ 53. Ke2 a1Q 54. Qxa1 Qxa1 55. h6 Qg1 56. Be3 Qh2+ 57. Bf2 Qxh6 58. b5 Qc1 59. b6 Qc4+ 60. Ke3 Qc5+ 61. Ke2 Qc4+ 62. Kd2 Qb4+ 63. Ke2 Qc4+ 64. Kd2 Qb4+ 65. Ke2 Qc4+ 1/2-1/2

[Event "Canadian op"]
[Site "Kapuskasing"]
[Date "2004.07.10"]
[Round "1"]
[White "Tseitlin, Mark D"]
[Black "Molchanov, Yevhen"]
[Result "1-0"]
[WhiteElo "2484"]
[BlackElo "2104"]
[PlyCount "37"]
[EventDate "2004.07.10"]
[EventType "swiss"]
[EventRounds "10"]
[EventCountry "CAN"]
[SourceTitle "CBM 101 Extra"]
[Source "ChessBase"]
[SourceDate "2004.09.01"]
[SourceVersion "2"]
[SourceVersionDate "2004.09.01"]
[SourceQuality "1"]

1. e4 c5 2. Nf3 Nc6 3. Bb5 e6 4. 0-0 Nge7 5. Re1 Ng6 6. c3 Be7 7. d4 cxd4 8. cxd4 d5 9. h4 Nxh4 10. Nxh4 Bxh4 11. exd5 Qxd5 12. Nc3 Qf5 13. g3 Qg6 14. Kh2 0-0 15. gxh4 Qf6 16. Bxc6 bxc6 17. Ne4 Qxh4+ 18. Kg2 f5 19. Bg5 1-0

[Event "Internet Section 08B g/8'+2\""]
[Site "Dos Hermanas"]
[Date "2004.03.08"]
[Round "2"]
[White "Molchanov, Yevhen"]
[Black "Isaza, Yesid Mauricio"]
[Result "1-0"]
[WhiteElo "2112"]
[BlackElo "1984"]
[PlyCount "71"]
[EventDate "2004.03.08"]
[EventType "swiss (blitz)"]
[EventRounds "9"]
[EventCountry "ESP"]
[SourceTitle "CBM 099 Extra"]
[Source "ChessBase"]
[SourceDate "2004.05.04"]
[SourceVersion "1"]
[SourceVersionDate "2004.05.04"]
[SourceQuality "1"]

1. d4 c5 2. dxc5 Nf6 3. Bg5 Ne4 4. Be3 Qa5+ 5. c3 e6 6. b4 Qc7 7. f3 Nf6 8. Bd2 a5 9. e4 b6 10. cxb6 Qxb6 11. b5 Bc5 12. Nh3 d5 13. e5 Nfd7 14. f4 a4 15. Qg4 g6 16. Qe2 Na6 17. c4 Nc7 18. Nc3 Bd4 19. Rd1 Nc5 20. Ng5 h6 21. Nf3 Bxc3 22. Bxc3 Ne4 23. Bd4 Qa5+ 24. Nd2 Bb7 25. c5 Qb4 26. c6 Bc8 27. Bb6 Nxd2 28. Rxd2 Kd8 29. Kf2 Qxf4+ 30. Kg1 Qb4 31. g3 Rb8 32. Rb2 Qe4 33. Qxe4 dxe4 34. Rd2+ Ke8 35. Bxc7 f5 36. Bxb8 1-0

[Event "Najdorf Memorial op"]
[Site "Buenos Aires"]
[Date "2001.07.23"]
[Round "2.7"]
[White "Molchanov, Yevhen"]
[Black "Lafuente, Pablo"]
[Result "1/2-1/2"]
[WhiteElo "2110"]
[BlackElo "2360"]
[PlyCount "56"]
[EventDate "2001.07.??"]
[EventType "swiss"]
[EventRounds "9"]
[EventCountry "ARG"]
[SourceTitle "EXT 2002"]
[Source "ChessBase"]
[SourceDate "2001.11.25"]
[SourceVersion "1"]
[SourceVersionDate "2001.11.25"]
[SourceQuality "1"]

1. e4 c5 2. Nf3 d6 3. d4 cxd4 4. Nxd4 Nf6 5. Nc3 a6 6. Bg5 e6 7. f4 Be7 8. Qf3 Qc7 9. 0-0-0 Nbd7 10. g4 h6 11. Bxf6 Nxf6 12. h4 Nd7 13. g5 Nc5 14. b4 Nd7 15. g6 Nf8 16. gxf7+ Kxf7 17. f5 Bf6 18. fxe6+ Bxe6 19. Nxe6 Qxc3 20. Qxc3 Bxc3 21. Nc7 Rc8 22. Nd5 Be5 23. h5 Nh7 24. Bh3 Rc4 25. Bf5 Nf6 26. Bg6+ Ke6 27. Bf5+ Kf7 28. Bg6+ Ke6 1/2-1/2